Almanaque cómico para... / (Record no. 2570)
[ view plain ]
| 000 -LEADER | |
|---|---|
| campo de control de longitud fija | 00939nas a2200277 i 4500 |
| 001 - NÚMERO DE CONTROL | |
| campo de control | 2570 |
| 003 - IDENTIFICADOR DE NÚMERO DE CONTROL | |
| campo de control | ES-MaACL |
| 005 - FECHA Y HORA DE LA ÚLTIMA TRANSACCIÓN | |
| campo de control | 20250710063337.0 |
| 008 - DATOS DE LONGITUD FIJA--INFORMACIÓN GENERAL | |
| campo de control de longitud fija | 950801m18731874sp a| | 1 ||pa d |
| 080 ## - NÚMERO DE LA CLASIFICACIÓN DECIMAL UNIVERSAL | |
| Número de la Clasificación Decimal Universal | (059)(460) |
| 245 00 - MENCIÓN DEL TÍTULO | |
| Título | Almanaque cómico para... / |
| Mención de responsabilidad, etc. | escrito por Campo Arana (D.J.) ... [et al.] e ilustrado por Cubas y Luque. |
| 260 ## - PUBLICACIÓN, DISTRIBUCIÓN, ETC. | |
| Lugar de publicación, distribución, etc. | Madrid : |
| Nombre del editor, distribuidor, etc. | Libr. de Alfonso Durán, |
| Fecha de publicación, distribución, etc. | [1873-] |
| Fabricante | (Imp. de T. Fortanet) |
| 300 ## - DESCRIPCIÓN FÍSICA | |
| Extensión | 1 v : |
| Otras características físicas | il. ; |
| Dimensiones | 22 cm. |
| 310 ## - PERIODICIDAD ACTUAL | |
| Periodicidad actual | Anual |
| 362 0# - FECHAS DE PUBLICACIÓN Y/O DESIGNACIÓN SECUENCIAL | |
| Fecha de publicación y/o designación secuencial | [1873]- |
| 500 ## - NOTA GENERAL | |
| Nota general | Año 2 (1874), publicado en 1873 |
| 650 17 - PUNTO DE ACCESO ADICIONAL DE MATERIA--TÉRMINO DE MATERIA | |
| Término de materia o nombre geográfico como elemento de entrada | Humorismo español- |
| Subdivisión cronológica | S.XIX |
| 9 (RLIN) | 143864 |
| 655 #0 - TERMINO DE INDIZACIÓN--GENERO/FORMA | |
| Datos o término principal de género/forma | Almanaques |
| 9 (RLIN) | 241262 |
| 700 1# - ENTRADA AGREGADA--NOMBRE PERSONAL | |
| Nombre de persona | Campo Arana, José, |
| Fechas asociadas al nombre | 1847-1885 |
| Término indicativo de función/relación | Autor |
| 9 (RLIN) | 34206 |
| 700 0# - ENTRADA AGREGADA--NOMBRE PERSONAL | |
| Nombre de persona | Cubas |
| Término indicativo de función/relación | Ilustrador |
| 9 (RLIN) | 241265 |
| 700 1# - ENTRADA AGREGADA--NOMBRE PERSONAL | |
| Nombre de persona | Luque, Manuel |
| Fechas asociadas al nombre | 1854-1924 |
| Término indicativo de función/relación | Ilustrador |
| 9 (RLIN) | 241266 |
| 852 ## - LOCALIZACIÓN | |
| Ubicación | ES-MaACL |
| Ubicación en estantería | Depósito folletos |
| Donativo/Legado | Legado M. de Lafuente |
| Número de control de estantería | Fol-Laf-432 |
| 866 #0 - MENCIÓN TEXTUAL DE FONDOS--UNIDAD BIBLIOGRÁFICA BÁSICA | |
| Fondos | 1874. |
| 942 ## - ELEMENTOS DE ENTRADA SECUNDARIOS (KOHA) | |
| Fuente del sistema de clasificación o colocación | Clasificación decimal universal |
| Tipo de ítem Koha | Revista |
| Suprimir en OPAC | No |
| Estatus retirado | Estado de pérdida | Fuente del sistema de clasificación o colocación | Estado de daño | No para préstamo | Colección | Biblioteca de origen | Biblioteca actual | Ubicación en estantería | Fecha de adquisición | Fuente de adquisición | Total de préstamos | Signatura topográfica completa | Código de barras | Visto por última vez | Tipo de ítem Koha |
|---|---|---|---|---|---|---|---|---|---|---|---|---|---|---|---|
| Clasificación decimal universal | Colección de folletos | Biblioteca del Ateneo de Madrid | Biblioteca del Ateneo de Madrid | Depósito folletos | 17/01/2008 | Legado | Fol-Laf-432 | 1002614 | 23/02/2023 | Revista |
